[Event "Mittelrhein Verbandsliga-N 18/19"]
[Site "Nordrheinwestfalen"]
[Date "2018.11.18"]
[Round "4.8"]
[White "Kosinowski, Marcel"]
[Black "Schwarz, Alexander"]
[Result "0-1"]
[WhiteElo "1443"]
[BlackElo "1933"]
[PlyCount "89"]
[EventDate "2018.09.02"]
[EventType "team-tourn"]
[EventRounds "12"]
[EventCountry "GER"]
[SourceTitle "EXT 2022"]
[Source "ChessBase"]
[SourceDate "2021.10.06"]
[SourceVersion "1"]
[SourceVersionDate "2021.10.06"]
[SourceQuality "1"]
[WhiteTeam "Baumberg"]
[BlackTeam "Hitdorf SV Springer"]
[WhiteTeamCountry "GER"]
[BlackTeamCountry "GER"]

1. c4 Nf6 2. g3 g6 3. Bg2 Bg7 4. d3 0-0 5. Nc3 c6 6. e4 e5 7. Nge2 d6 8. Qb3 Nbd7 9. 0-0 Nc5 10. Qc2 Ne6 11. Bd2 c5 12. f4 exf4 13. Nxf4 Nd4 14. Qc1 Ng4 15. Nfd5 Ne5 16. Nf4 Bg4 17. h3 Bf3 18. Be3 Bxg2 19. Kxg2 Nec6 20. Qd2 a6 21. Nfd5 b5 22. Bh6 Ne5 23. Bxg7 Kxg7 24. b3 Rb8 25. Rab1 Rb7 26. Ne2 Nxe2 27. Qxe2 Nc6 28. Qb2+ Nd4 29. Nf4 bxc4 30. dxc4 Re7 31. Rbe1 Rfe8 32. Qb1 Re5 33. Nd5 R8e6 34. b4 cxb4 35. Nxb4 Qa5 36. Qd3 Qb6 37. Nd5 Qc5 38. Nc7 Qxc7 39. Qxd4 Kg8 40. g4 Qc6 41. Qa7 Re7 42. Qb8+ Kg7 43. Rf4 Rxe4 44. Rexe4 Rxe4 45. Qb2+ 0-1